00302nam a2200121Ia 450000500170000000800410001702000180005808200200007610000160009624500280011226000240014030000160016420250415094811.0231217s9999 xx 000 0 und d a9789332587120 a658.3 HAR;1 R aJames, P S. 0aOrganisational behavior c2017bJaicoaMumbai axxxvi, 1.10